000 00520 a2200169 4500
999 _c1790
_d1790
020 _a8176482013
050 _aHC79 GHO 2009
100 _aGhosh, Asish
_eauthor
245 _aEnvironment and development /
_cAsish Ghosh
264 _aNew Delhi :
_bA.P.H. Publishing Corporation,
_c2099
300 _aviii, 286p. :
_bill.
500 _aIncludes index
650 _aSustainable development
_xIndia
650 _aEconomic development
_xEnvironmental aspects
650 _aHuman ecology
_xIndia
942 _2lcc
_cBK
_h79
_iGHO
_kHC